000 01333cam a2200145 4500500
005 20260329023209.0
041 _afre
042 _adc
100 1 0 _aBeitone, Alain
_eauthor
700 1 0 _aHemdane, Estelle
_eauthor
245 0 0 _aRelations monétaires internationales
260 _bArmand Colin,
_c2018.
520 _aLe rôle mondial du dollar doit-il être remis en cause ? Faut-il renforcer l’euro ou l’abandonner ? Le yuan est-il la future monnaie internationale ? Les questions monétaires internationales constituent un enjeu majeur pour le fonctionnement de l’économie mondiale. Cet ouvrage se propose de rendre accessible ce domaine passionnant, en mobilisant à la fois l’histoire et les théories économiques. Il présente le fonctionnement du marché des changes, l’histoire des régimes de change qui ont fonctionné et la situation actuelle marquée par l’incertitude et l’instabilité. Les différents projets de nouvelle architecture monétaire internationale sont examinés. Une attention particulière est accordée à l’intégration monétaire européenne, à la crise de l’euro intervenue à partir de 2010 et aux débats sur l’avenir de la zone euro.
856 4 1 _uhttps://shs.cairn.info/relations-monetaires-internationales--9782200621810?lang=fr&redirect-ssocas=7080
999 _c1925408
_d1925408